La renta (Registro nro. 6762)
[ vista simple ]
| 000 -LEADER | |
|---|---|
| fixed length control field | 01084 a2200217 4500 |
| 001 - CONTROL NUMBER | |
| control field | 59642 |
| 005 - DATE AND TIME OF LATEST TRANSACTION | |
| control field | 20260407155850.0 |
| 008 - FIXED-LENGTH DATA ELEMENTS--GENERAL INFORMATION | |
| fixed length control field | 260407a1948 arg spa d |
| 003 - CONTROL NUMBER IDENTIFIER | |
| control field | AR-UNSa-BCEJYS |
| 040 ## - CATALOGING SOURCE | |
| Original cataloging agency | AR-UNSa-BCEJYS |
| Language of cataloging | spa |
| Transcribing agency | AR-UNSa-BCEJYS |
| 080 ## - UNIVERSAL DECIMAL CLASSIFICATION NUMBER | |
| Universal Decimal Classification number | 330.56 |
| Common auxiliary subdivision | Renta nacional. Producto nacional neto |
| 041 ## - LANGUAGE CODE | |
| Language code of text/sound track or separate title | spa |
| 100 1# - MAIN ENTRY--PERSONAL NAME | |
| Personal name | Pigou, Arthur C. |
| 245 10 - TITLE STATEMENT | |
| Title | La renta |
| Name of part/section of a work | introducción a la economía |
| 264 #1 - PRODUCTION, PUBLICATION, DISTRIBUTION, MANUFACTURE, AND COPYRIGHT NOTICE | |
| Place of production, publication, distribution, manufacture | Madrid : |
| Name of producer, publisher, distributor, manufacturer | Revista de Derecho Privado |
| Date of production, publication, distribution, manufacture, or copyright notice | 1948 |
| 300 ## - PHYSICAL DESCRIPTION | |
| Extent | 166 p. |
| Dimensions | 19 cm. |
| 505 ## - FORMATTED CONTENTS NOTE | |
| Formatted contents note | 1. La renta nacional: definición y medida - 2. Influencias internas que afectan a la capacidad de obtener renta - 3. Influencias externas que afectan a la capacidad de obtener renta - 4. La distribución de la capacidad de obtener renta entre los diversos tipos de producción - 5. Función del Gobierno en la producción - 6. Parte de la capacidad de obtener renta que opera por término medio y en distintos momentos - 7. La distribución de la renta entre las gentes |
| 590 ## - LOCAL NOTE (RLIN) | |
| Local note | niveau_biblio:m niveau_hierar:0 |
| 700 1# - ADDED ENTRY--PERSONAL NAME | |
| Personal name | Figueroa, Emilio de |
| 942 ## - ADDED ENTRY ELEMENTS (KOHA) | |
| Koha item type | |
| Withdrawn status | Lost status | Damaged status | Not for loan | Home library | Current library | Shelving location | Date acquired | Total checkouts | Full call number | Barcode | Date last seen | Price effective from | Koha item type |
|---|---|---|---|---|---|---|---|---|---|---|---|---|---|
| Biblioteca Prof. Eusebio Cleto del Rey | Biblioteca Prof. Eusebio Cleto del Rey | 07/04/2026 | 330.56 P633 | L20304 | 07/04/2026 | 07/04/2026 | Libro |